Fertilización humana asistida : aspectos legales, jurisprudenciales y sociales desde un abordaje interdisciplinario /
Guardado en:
| Autor Principal: | |
|---|---|
| Formato: | Libro |
| Idioma: | Spanish |
| Publicado: |
Buenos Aires :
La Ley; Departamento de publicaciones UBA,
2013.
|
| Materias: | |
| Etiquetas: |
Agregar Etiqueta
Sin Etiquetas, Sea el primero en etiquetar este registro!
|
| LEADER | 00592nam a22001575a 4500 | ||
|---|---|---|---|
| 001 | DER.der012368 | ||
| 008 | 180615s2013####ag#||||||||||||||#||spa|| | ||
| 005 | 20240229113041.0 | ||
| 245 | 1 | 0 | |a Fertilización humana asistida : |b aspectos legales, jurisprudenciales y sociales desde un abordaje interdisciplinario / |c Pablo O. Rosales. |
| 260 | |a Buenos Aires : |b La Ley; Departamento de publicaciones UBA, |c 2013. | ||
| 300 | |a 424 p. | ||
| 020 | |a 9789870324140 | ||
| 100 | 1 | |a Rosales, Pablo O. | |
| 650 | 7 | |a SALUD REPRODUCTIVA | |
| 650 | 7 | |a DERECHOS REPRODUCTIVOS | |
| 859 | |a DERECHO |b BIB. DERECHO |h 344.041 |i ROS |p 007182 | ||
